000
00372nam a2200145Ia 4500
008
230411s9999 xx 000 0 und d
020
_a
81-8061-168-X
041
_a
eng
082
_a
AD/610.7/NEE/B01381
100
_a
Neeraja KP
245
_a
Textbook of Nursing Education
260
_b
Jaypee Brothers
_a
New Delhi
_c
2003
300
_a
498p
999
_c
152700
_d
152700